[Event "Voronezh op 16th"]
[Site "Voronezh"]
[Date "2012.06.20"]
[Round "8"]
[White "Golovin, Leonid"]
[Black "Sevian, Armen"]
[Result "1-0"]
[WhiteElo "2486"]
[BlackElo "2223"]
[PlyCount "105"]
[EventDate "2012.06.12"]
[EventType "swiss"]
[EventRounds "9"]
[EventCountry "RUS"]
[SourceTitle "CBM 149 Extra"]
[Source "ChessBase"]
[SourceDate "2012.08.24"]
[SourceVersion "1"]
[SourceVersionDate "2012.08.24"]
[SourceQuality "1"]

1. d4 Nf6 2. Nd2 d5 3. c4 e6 4. Ngf3 c5 5. e3 Nc6 6. a3 dxc4 7. Nxc4 Be7 8. Be2 cxd4 9. exd4 0-0 10. 0-0 b6 11. Bg5 Bb7 12. Qd3 Rc8 13. Rac1 a6 14. Rfd1 Nd5 15. Bd2 b5 16. Nce5 Qd6 17. Qe4 Nf6 18. Qf4 Qd5 19. Bc3 Qe4 20. Qxe4 Nxe4 21. Nxc6 Bxc6 22. Ba5 Bb7 23. Ne5 Rxc1 24. Rxc1 Rc8 25. Rxc8+ Bxc8 26. Bf3 Nd6 27. Bb4 Nf5 28. Bxe7 Nxe7 29. Be4 f6 30. Nd3 Kf7 31. f4 g6 32. Kf2 Ke8 33. Nc5 Kd8 34. h4 Kc7 35. g4 Kd6 36. g5 fxg5 37. hxg5 Bd7 38. Nxa6 Bc6 39. Bd3 Nd5 40. Kg3 Ne3 41. Nb4 Nd1 42. b3 Nc3 43. Kf2 Be4 44. Bxe4 Nxe4+ 45. Ke3 Ng3 46. a4 bxa4 47. bxa4 Nf5+ 48. Kd3 h5 49. gxh6 Nxh6 50. Na6 Nf7 51. Nc5 g5 52. fxg5 Nxg5 53. Ne4+ 1-0

[Event "Voronezh op 16th"]
[Site "Voronezh"]
[Date "2012.06.13"]
[Round "2"]
[White "Belyakov, Bogdan"]
[Black "Sevian, Armen"]
[Result "1/2-1/2"]
[WhiteElo "2312"]
[BlackElo "2223"]
[PlyCount "51"]
[EventDate "2012.06.12"]
[EventType "swiss"]
[EventRounds "9"]
[EventCountry "RUS"]
[SourceTitle "CBM 149 Extra"]
[Source "ChessBase"]
[SourceDate "2012.08.24"]
[SourceVersion "1"]
[SourceVersionDate "2012.08.24"]
[SourceQuality "1"]

1. e4 c5 2. Nf3 Nc6 3. Nc3 d6 4. Bb5 Bd7 5. Bxc6 bxc6 6. d4 cxd4 7. Qxd4 e5 8. Qd3 h6 9. 0-0 Nf6 10. a4 a5 11. b3 Qc7 12. Nd2 Be6 13. Nc4 Be7 14. Rd1 d5 15. exd5 cxd5 16. Nb5 Qb8 17. Ne3 0-0 18. Nf5 Bc5 19. Bxh6 e4 20. Qh3 gxh6 21. Rxd5 Bxd5 22. Qxh6 Ne8 23. Qg5+ Kh8 24. Nbd6 Bxd6 25. Qh6+ Kg8 26. Qg5+ 1/2-1/2

[Event "Voronezh op 16th"]
[Site "Voronezh"]
[Date "2012.06.12"]
[Round "1"]
[White "Sevian, Armen"]
[Black "Baryshpolets, Andrey"]
[Result "0-1"]
[WhiteElo "2223"]
[BlackElo "2487"]
[PlyCount "96"]
[EventDate "2012.06.12"]
[EventType "swiss"]
[EventRounds "9"]
[EventCountry "RUS"]
[SourceTitle "CBM 149 Extra"]
[Source "ChessBase"]
[SourceDate "2012.08.24"]
[SourceVersion "1"]
[SourceVersionDate "2012.08.24"]
[SourceQuality "1"]

1. d4 Nf6 2. c4 g6 3. Nc3 Bg7 4. e4 d6 5. f4 0-0 6. Nf3 c5 7. d5 e6 8. Be2 exd5 9. cxd5 Bg4 10. 0-0 Nbd7 11. a4 Re8 12. h3 Bxf3 13. Bxf3 Rc8 14. Be3 a6 15. Re1 c4 16. Kh1 Nc5 17. Bxc5 Rxc5 18. e5 dxe5 19. fxe5 Nd7 20. e6 Ne5 21. exf7+ Nxf7 22. Rxe8+ Qxe8 23. Ne4 Rc8 24. Qc2 Kh8 25. Bg4 Rd8 26. Be6 Ne5 27. Nd2 b5 28. axb5 axb5 29. Ra7 Qf8 30. Ne4 Qf1+ 31. Kh2 Nf3+ 32. gxf3 Be5+ 33. Ng3 Bxg3+ 34. Kxg3 Qg1+ 35. Kf4 Qxa7 36. Qc3+ Qg7 37. Ke4 Qxc3 38. bxc3 Kg7 39. Kd4 Kf6 40. f4 Ke7 41. f5 Kd6 42. f6 Rf8 43. f7 g5 44. Ke4 h5 45. Kf5 b4 46. Kxg5 bxc3 47. Bf5 Rxf7 48. Be4 Rf2 0-1

[Event "Berlin Lichtenberger op 10th"]
[Site "Berlin"]
[Date "2011.08.19"]
[Round "7"]
[White "Sevian, Armen"]
[Black "Kollberg, Lothar"]
[Result "0-1"]
[WhiteElo "2208"]
[BlackElo "2237"]
[PlyCount "48"]
[EventDate "2011.08.13"]
[EventType "swiss"]
[EventRounds "9"]
[EventCountry "GER"]
[SourceTitle "CBM 143 Extra"]
[Source "ChessBase"]
[SourceDate "2011.08.29"]
[SourceVersion "1"]
[SourceVersionDate "2011.08.29"]
[SourceQuality "1"]

1. e4 g6 2. d4 Bg7 3. c4 d6 4. Nc3 Nd7 5. f4 e5 6. fxe5 dxe5 7. d5 Nh6 8. Nf3 0-0 9. Bd3 Qe7 10. h3 f5 11. Be3 Nc5 12. Bc2 fxe4 13. Nxe4 Nxe4 14. Bxe4 Nf5 15. Bf2 Qb4+ 16. Nd2 Bh6 17. a3 Qxd2+ 18. Qxd2 Bxd2+ 19. Kxd2 Nd6 20. Bf3 e4 21. c5 exf3 22. cxd6 fxg2 23. Rhe1 Rxf2+ 24. Kc3 cxd6 0-1

[Event "Voronezh op 8th"]
[Site "Voronezh"]
[Date "2004.06.18"]
[Round "7"]
[White "Provotorov, Ivan"]
[Black "Sevian, Armen"]
[Result "1-0"]
[WhiteElo "2337"]
[BlackElo "2208"]
[PlyCount "83"]
[EventDate "2004.06.12"]
[EventType "swiss"]
[EventRounds "9"]
[EventCountry "RUS"]
[SourceTitle "EXT 2005"]
[Source "ChessBase"]
[SourceDate "2004.11.15"]
[SourceVersion "1"]
[SourceVersionDate "2004.11.15"]
[SourceQuality "1"]

1. c4 b6 2. d4 e6 3. e4 Bb7 4. Bd3 Bb4+ 5. Bd2 Qe7 6. Nf3 Nf6 7. Qc2 Bxd2+ 8. Nbxd2 d6 9. 0-0 e5 10. c5 0-0 11. a3 Rc8 12. Rac1 g6 13. Bb5 bxc5 14. dxc5 dxc5 15. Rfe1 Nbd7 16. Nb3 Rab8 17. a4 Kg7 18. Nfd2 Rd8 19. Na5 Nf8 20. Ndb3 Ne6 21. Nxb7 Rxb7 22. Na5 Nd4 23. Qxc5 Qxc5 24. Rxc5 Rbb8 25. Rxe5 Nxb5 26. axb5 Rd2 27. Nc6 Rb7 28. b4 Nd7 29. Re7 Rxb5 30. e5 Nf8 31. e6 Rf5 32. Rxf7+ Rxf7 33. exf7 Kxf7 34. Nxa7 Rd6 35. Rc1 Ra6 36. Rxc7+ Kg8 37. h3 Ne6 38. Rb7 Nd4 39. Kh2 Ra2 40. Rd7 Nf5 41. b5 Rxf2 42. b6 1-0

[Event "RUS-Cup"]
[Site "Tula"]
[Date "2001.??.??"]
[Round "7"]
[White "Bragin, Sergei S"]
[Black "Sevian, Armen"]
[Result "0-1"]
[WhiteElo "2253"]
[BlackElo "2173"]
[PlyCount "100"]
[EventDate "2001.??.??"]
[EventType "swiss"]
[EventRounds "9"]
[EventCountry "RUS"]
[SourceTitle "EXT 2002"]
[Source "ChessBase"]
[SourceDate "2001.11.25"]
[SourceVersion "1"]
[SourceVersionDate "2001.11.25"]
[SourceQuality "1"]

1. g3 Nf6 2. Bg2 e6 3. d4 Be7 4. e4 d6 5. Ne2 e5 6. c3 0-0 7. 0-0 b6 8. d5 Nbd7 9. c4 a5 10. Nbc3 Nc5 11. h3 Ba6 12. b3 Rb8 13. Be3 Nfd7 14. Qc2 Bf6 15. Nc1 g6 16. Nd3 Nxd3 17. Qxd3 Nc5 18. Bxc5 bxc5 19. Na4 Bc8 20. Qc3 Bd7 21. Qxa5 Ra8 22. Qc3 Bxa4 23. bxa4 Rxa4 24. Rfb1 Qa8 25. a3 Qa6 26. h4 Rxc4 27. Qf3 Bg7 28. Bf1 Qa4 29. Bxc4 Qxc4 30. Rc1 Qa4 31. Qd3 Qd4 32. Qe2 f5 33. Ra2 fxe4 34. Re1 Qxd5 35. Qc2 Qd3 36. Rxe4 Qxc2 37. Rxc2 Ra8 38. Ra2 Kf7 39. Kf1 Ke6 40. a4 Ra5 41. Re1 d5 42. f3 d4 43. Ke2 Kd5 44. Rb1 e4 45. fxe4+ Kxe4 46. Rf1 d3+ 47. Kd2 c4 48. Rf4+ Kd5 49. Rf7 Be5 50. Rxh7 Kd4 0-1

[Event "RUS-Cup"]
[Site "Tula"]
[Date "2001.??.??"]
[Round "1"]
[White "Deviatkin, Andrei"]
[Black "Sevian, Armen"]
[Result "1-0"]
[WhiteElo "2416"]
[BlackElo "2173"]
[PlyCount "103"]
[EventDate "2001.??.??"]
[EventType "swiss"]
[EventRounds "9"]
[EventCountry "RUS"]
[SourceTitle "EXT 2002"]
[Source "ChessBase"]
[SourceDate "2001.11.25"]
[SourceVersion "1"]
[SourceVersionDate "2001.11.25"]
[SourceQuality "1"]

1. e4 c5 2. c3 Nf6 3. e5 Nd5 4. d4 cxd4 5. Qxd4 e6 6. Nf3 Qc7 7. Bd3 Nc6 8. Qe4 f5 9. Qe2 Be7 10. 0-0 0-0 11. a3 Na5 12. c4 Nb3 13. cxd5 Nxc1 14. Qc2 Qxc2 15. Bxc2 Ne2+ 16. Kh1 d6 17. Re1 Nf4 18. Nc3 Nxd5 19. Nxd5 exd5 20. Bb3 h6 21. Bxd5+ Kh7 22. e6 Bf6 23. Rac1 Re8 24. Rc7 Rb8 25. b4 Kg6 26. g3 Re7 27. Rxe7 Bxe7 28. Nd4 a6 29. f4 Bf6 30. Nf3 b5 31. Nh4+ Bxh4 32. gxh4 Kf6 33. Kg1 Ke7 34. Rc1 Kf6 35. Rc6 Bb7 36. Rb6 Bxd5 37. Rxb8 Kxe6 38. Kf2 Be4 39. Rb6 Kd5 40. Ke3 Bc2 41. Rxa6 Bd1 42. Rb6 Ba4 43. Kd3 g6 44. Rb8 Bd1 45. Rxb5+ Ke6 46. Kd4 Be2 47. Rb7 h5 48. a4 Bf3 49. Rc7 Bd1 50. b5 Bxa4 51. b6 Bd7 52. b7 1-0

[Event "RUS-Cup"]
[Site "Tula"]
[Date "2001.??.??"]
[Round "4"]
[White "Sevian, Armen"]
[Black "Brikov, Illarion"]
[Result "0-1"]
[WhiteElo "2173"]
[BlackElo "2355"]
[PlyCount "96"]
[EventDate "2001.??.??"]
[EventType "swiss"]
[EventRounds "9"]
[EventCountry "RUS"]
[SourceTitle "EXT 2002"]
[Source "ChessBase"]
[SourceDate "2001.11.25"]
[SourceVersion "1"]
[SourceVersionDate "2001.11.25"]
[SourceQuality "1"]

1. e4 c5 2. Nf3 d6 3. c3 Nf6 4. Bb5+ Nbd7 5. Qe2 a6 6. Bxd7+ Bxd7 7. a4 Bc6 8. d3 e6 9. Bg5 Be7 10. Nbd2 0-0 11. 0-0 b5 12. axb5 axb5 13. d4 h6 14. Bh4 Qb6 15. h3 Qb7 16. dxc5 dxc5 17. Ne5 Rfd8 18. Nxc6 Qxc6 19. e5 Nd5 20. Bxe7 Nxe7 21. Ne4 Rxa1 22. Rxa1 Ng6 23. Re1 c4 24. Ng3 Rd5 25. Qh5 Qc7 26. Rd1 Rxd1+ 27. Qxd1 Nxe5 28. Qd4 Nd3 29. Nh5 Qe5 30. Qxe5 Nxe5 31. Nf4 Nd3 32. Ne2 e5 33. f3 f5 34. Kf1 Kf7 35. Ng3 g6 36. Ke2 Nxb2 37. Nf1 Nd3 38. Ne3 Ke6 39. Kd2 Nf4 40. h4 Nd5 41. Nc2 f4 42. Na3 Nc7 43. Nc2 h5 44. Na3 Kd6 45. Kc2 Kc5 46. Nb1 Nd5 47. Kd2 Ne3 48. g3 Nf1+ 0-1

[Event "RUS-Cup"]
[Site "Tula"]
[Date "2001.??.??"]
[Round "8"]
[White "Sevian, Armen"]
[Black "Manaenkov, Vladimir Nikolaevic"]
[Result "0-1"]
[WhiteElo "2173"]
[BlackElo "2255"]
[PlyCount "130"]
[EventDate "2001.??.??"]
[EventType "swiss"]
[EventRounds "9"]
[EventCountry "RUS"]
[SourceTitle "EXT 2002"]
[Source "ChessBase"]
[SourceDate "2001.11.25"]
[SourceVersion "1"]
[SourceVersionDate "2001.11.25"]
[SourceQuality "1"]

1. d4 Nf6 2. c4 c5 3. d5 e6 4. Nc3 exd5 5. cxd5 d6 6. e4 g6 7. Bb5+ Nbd7 8. a4 a6 9. Be2 Bg7 10. Nf3 0-0 11. 0-0 Qe7 12. Nd2 Ne5 13. h3 g5 14. Re1 Ng6 15. Nc4 Nd7 16. Bg4 Nde5 17. Nxe5 Bxe5 18. Bxc8 Raxc8 19. Qg4 h6 20. g3 Kh7 21. Kg2 Qf6 22. Qh5 Bd4 23. Rf1 Qe5 24. f3 f6 25. h4 Qe8 26. Kh1 Ne5 27. Qxe8 Rcxe8 28. Ne2 gxh4 29. Nxd4 cxd4 30. g4 Rc8 31. Bf4 Rc2 32. Rad1 Rfc8 33. Rxd4 Rxb2 34. Rd2 Rb3 35. Bxe5 fxe5 36. f4 Rf8 37. f5 Kg7 38. Rc2 Kf6 39. Rc7 Rh3+ 40. Kg2 Rg3+ 41. Kh1 Rf7 42. Rxf7+ Kxf7 43. Rb1 Rxg4 44. Rxb7+ Kf6 45. Rd7 Rxe4 46. Rxd6+ Kxf5 47. Rxa6 Rd4 48. Rxh6 Rxa4 49. d6 Rd4 50. d7 Rxd7 51. Rxh4 Rg7 52. Ra4 e4 53. Ra8 Kf4 54. Kh2 Kf3 55. Rf8+ Ke2 56. Re8 e3 57. Re6 Kf2 58. Rf6+ Ke1 59. Re6 e2 60. Re8 Rg5 61. Kh3 Kd2 62. Rd8+ Ke3 63. Re8+ Kd3 64. Kh4 Rd5 65. Kg3 Kd2 0-1